000 00408nam a22001697a 4500
003 NUST - PNEC
005 20170116181128.0
008 151006b xxu||||| |||| 00| 0 eng d
040 _cLIBRARY
082 _a612.6 CON
100 _913804
_aConstable, George
245 _aGrowth
_cGeorge Constable
250 _a2nd ed.
260 _cc1981
650 _913806
_aHuman growth
_xGeneral
942 _2ddc
_cBK
999 _c69842
_d69842